Lake Travis High School Player Football Names - Statistics

General Stats
  • This quiz has been taken 7 times
  • The average score is 12 of 21
Answer Stats
Position Number Year D1 Answer % Correct
QB 11 2010-2012 Yes Baker Mayfield
100%
QB 2 2023-2025 Yes Chaston Ditta
100%
RB 4 2020-2021 Yes Derrick Johnson
100%
WR 5 2016-2019 Yes Garrett Wilson
100%
QB 1 2017-2020 Yes Hudson Card
100%
LB 30 2024 No Jacob Baez
100%
LB 30 2023 No Joe Simpson
100%
QB 16 2014-2016 Yes Charlie Brewer
67%
DE 6 2020-2021 No Trey Dorsett
67%
SS, WR 13 2019-2020 No Aiden Nava
33%
QB 17 2021-2023 sorta Bo Edmonson
33%
WR 2 2014-2016 Yes Cade Green
33%
CB 21 2018-2020 Yes Copeland Gothard
33%
DB 9 2020-2021 No Jacob Glova
33%
DE, DT 13 2015-2016 N/A Jayden Hutchings
33%
WR 2 2018-2020 Yes Kyle Eaves
33%
TE 18 2019-2021 Yes Lake Mcree
33%
LB 30 2018-2020 No Maui Trevino
33%
SS 23 2018-2020 No Tag Humble
33%
RB, MLB 3 2020-2021 Yes Watson Cusick
33%
RB, OLB 22 2020-2021 Yes Wesley Erwin
33%
No matching quizzes found
Score Distribution
Percent of People with Each Score
Percentile by Number Answered
Your Score History
You have not taken this quiz